| 000 | 00849nam a2200217 4500 | ||
|---|---|---|---|
| 001 | 139678 | ||
| 003 | ES-MaACL | ||
| 005 | 20230906195855.0 | ||
| 007 | t| | ||
| 008 | 070214s1973 sp r ||||1| spa d | ||
| 100 | 1 |
_aSchiefer, Wolfgang. _9104339 |
|
| 245 | 1 | 0 |
_aEcoencefalogía clínica / _cpor Wolfgang Schiefer..., Ekkehard Kazner..., Stefan Kunze... ; introducción... Werner Güttner... ; [traducción... Jorge de Orús Navarro ; revisión... Fernando Cervantes Gimeno...]. |
| 260 |
_aBarcelona [etc.] : _bEd. Científico-Médica, _c1973. |
||
| 300 |
_aXI, 239 p. : _bil. ; _c28 cm. |
||
| 700 | 1 |
_aKazner, Ekkehard. _967691 |
|
| 700 | 1 |
_aKunze, Stefan. _969042 |
|
| 700 | 1 |
_aGüttner, Werner. _961252 |
|
| 700 | 1 |
_aOrús Navarro, Jorge de. _987702 |
|
| 700 | 1 |
_aCervantes Gimeno, Fernando. _937591 |
|
| 852 |
_aES-MaACL _jC-52779 _bR.86066 |
||
| 999 |
_c139678 _d139678 |
||